Statistiques concernant Top Séries 2018

Cliquez ici pour prendre le quiz!

Statistiques générales

  • Ce quiz a été pris 131 fois
  • Le résultat moyen est 4 sur 20

Statistiques - réponses

Résumé Série 2018 % Correct
Lorsque trois enfants issus de la classe ouvrière accèdent à l'école la plus élitiste d'Espagne, le fossé qui les sépare des élèves fortunés conduit à la tragédie.Elite
68%
De nos jours, trois soeurs adultes vivants dans une ville universitaire découvrent qu'elles sont des sorcières...Charmed
64%
Six ans après l'apparition d'un virus mortel ayant éliminé plus de la moitié de la population, un frère et une sœur partent à la recherche d'un abri dans un monde devenu périlleux.The Rain
45%
Un avocat reconverti en coach pour concours de beauté prend pour cliente une adolescente brimée et en quête de vengeance.Insatiable
42%
Trois épouses et mères de famille de banlieue qui ont du mal à joindre les deux bouts et qui jugent qu'il est temps pour elles de prendre des risques décident de braquer le supermarché local avec une arme factice...Good Girls
29%
Les aventures de Hope Mikaelson, la fille à la fois sorcière, loup-garou, et vampire de Klaus Mikaelson et de Hayley Marshall-Kenner, au sein de l'école réservée aux êtres surnaturels de Mystic Falls, tenue par Alaric Saltzman.Legacies
23%
Une série située à Castle Rock, lieu de connexion de beaucoup des romans de Stephen King.Castle Rock
17%
Takeshi Kovacs est un ancien soldat et seul survivant d’un groupe de guerriers d'élite vaincus lors d’un soulèvement contre le nouvel ordre mondial. Son esprit est emprisonné "dans la glace" pendant des siècles, jusqu’à ce que Laurens Bancroft, un homme extrêmement riche et vivant depuis plusieurs siècles lui offre la chance de vivre à nouveau. En échange, Kovacs doit résoudre un meurtre ... celui de Bancroft lui-même.Altered Carbon
16%
L'arrivée de Ryn, une mystérieuse jeune femme, fait renaître la légende de l'existence des sirènes dans la petite ville portuaire de Bristol Cove. Deux océanologues, intrigués par son comportement, vont tenter de comprendre ce qui l'a poussée à quitter l'océan et ce qu'elle cherche...Siren
16%
Après un scandale qui a mis à mal sa carrière, un magicien vient en aide au FBI pour résoudre des enquêtes qui défient l'imaginable.Cameron Black : l'illusionniste
14%
La famille Robinson a été sélectionnée pour avoir la possibilité de reconstruire leur vie dans un monde meilleur dans l'espace. Confrontés à des difficultés, les nouveaux colons vont devoir se serrer les coudes pour pouvoir survivre dans cet environnement hostile situé à des années-lumière.Perdus dans l'Espace
14%
Les aventures de jeunes super-héros DC Comics emmenés par Dick Grayson, qui s'affranchit peu-à-peu de Batman pour devenir Nightwing.Titans
13%
Un spin-off de la série Sons of Anarchy.Mayans MC
12%
Camille Preaker, reporter, sort tout juste d'un bref séjour à l'hôpital psychiatrique. Elle retourne dans la ville de son enfance pour tenter de résoudre le meurtre de deux jeunes adolescentes auxquelles elle s'identifie énormément...Sharp Objects
11%
Tyrone Johnson et Tandy Bowen, deux adolescents issus de milieux sociaux différents, découvrent suite à leur rencontre qu'ils sont tous les deux dotés de superpouvoirs qui étaient jusqu'ici dormants et qui les lient mystérieusement l'un à l'autre.Marvel's Cloak & Dagger
10%
Insomnia est un jeu illégal qui a lieu une fois par an dans un casino prévu spécialement pour l'occasion. Seuls les plus puissants pourront participer. Les paris sont lancés. Les réjouissances peuvent commencer.Insomnia
9%
En 2026, un changement radical impose à tout le monde de vivre nu dans une France pacifiée et apaisée. Mais le meurtre d'un homme retrouvé habillé ravive les tensions. L’enquête est confiée à une jeune inspectrice qui collabore avec son-ex partenaire tout juste sorti du coma.Nu
8%
June et son petit ami Harry s'enfuient pour changer de vie et recommencer à zéro. Croient-ils. Car ils se rendent bientôt compte que les apparences sont trompeuses et qu'une seule chose permet de survivre en ce bas monde : la transformation.The Innocents
6%
Une famille du Montana, qui possède le plus grand ranch des Etats-Unis, se bat pour que l'on n'empiète pas sur ses terres.Yellowstone
4%
La vie d'un pensionnat est perturbée par la disparition mystérieuse de trois internes et de leur gouvernante lors d'un pique-nique le jour de la Saint Valentin en 1900...Picnic at Hanging Rock
4%

Distribution des résultats

Percentile par nombre de réponses

% des personnes avec chaque résultat

Votre développement - résultats

Vous n’avez pas pris ce quiz